[Event "Aarhus Festuge [m2]"]
[Site "Aarhus"]
[Date "1985.??.??"]
[Round "1"]
[White "Jensen, Vagn"]
[Black "Safarnia, M"]
[Result "1-0"]
[WhiteElo "2210"]
[BlackElo "2200"]

1. e4 c5 2. Nf3 d6 3. d4 cxd4 4. Nxd4 Nf6 5. Nc3 Nc6 6. Be2 e5 7. Nb3
Be7 8. O-O O-O 9. Be3 Be6 10. f4 exf4 11. Rxf4 d5 12. exd5 Nxd5 13.
Nxd5 Bxd5 14. Bf3 Be6 15. Qe1 Qc7 16. Be4 Rad8 17. Bxc6 bxc6 18. Nd4
Bc8 19. Qc3 Bd6 20. Rh4 Be5 21. Qxc6 Qe7 22. Qe4 f5 23. Nc6 Bxh2+ 24.
Kxh2 Qd6+ 25. Bf4 fxe4 26. Bxd6 Rxd6 27. Ne7+ Kh8 28. Nxc8 Rxc8 29.
Rxe4 Rd2 30. Rae1 h6 31. Re8+ Rxe8 32. Rxe8+ Kh7 33. Rc8 Rd7 34. a4 Kg6
35. b4 Kf5 36. c4 Ke4 37. c5 1-0

[Event "Aarhus Festuge [m2]"]
[Site "Aarhus"]
[Date "1985.??.??"]
[Round "1"]
[White "Christensen, Jan Schleicher"]
[Black "Holst, Per"]
[Result "0-1"]
[WhiteElo "2200"]
[BlackElo "2200"]

1. e4 e6 2. Nf3 d5 3. e5 c5 4. b4 b6 5. bxc5 bxc5 6. c3 Qd7 7. d4 Ba6
8. Bxa6 Nxa6 9. O-O Ne7 10. Na3 Nc6 11. Rb1 Rb8 12. Rxb8+ Naxb8 13. Nc2
Be7 14. Ng5 O-O 15. Qd3 Bxg5 16. Bxg5 h6 17. Bd2 f5 18. Rb1 Qc7 19. Ne1
Nd7 20. Qg3 cxd4 21. Bxh6 Qxe5 22. Bf4 Qe4 23. Nd3 e5 24. Re1 exf4 25.
Qh3 Rb8 26. Rxe4 dxe4 27. Ne1 Rb1 28. Kf1 Nce5 29. cxd4 Nd3 30. Ke2
Rxe1+ 31. Kd2 Rd1+ 32. Kc2 Rc1+ 33. Kd2 Nb6 0-1

[Event "Aarhus Festuge [m2]"]
[Site "Aarhus"]
[Date "1985.??.??"]
[Round "1"]
[White "Sorensen, Torben N"]
[Black "Rewitz, Poul"]
[Result "1/2-1/2"]
[WhiteElo "2200"]
[BlackElo "2200"]

1. e4 g6 2. d4 Bg7 3. Nf3 d6 4. h3 Nd7 5. Nbd2 e5 6. c3 Ne7 7. Bc4 O-O
8. O-O Nc6 9. dxe5 Ndxe5 10. Nxe5 Nxe5 11. Be2 d5 12. exd5 1/2-1/2

[Event "Aarhus Festuge [m2]"]
[Site "Aarhus"]
[Date "1985.??.??"]
[Round "2"]
[White "Sorensen, Bent"]
[Black "Christensen, Jan Schleicher"]
[Result "1-0"]
[WhiteElo "2290"]
[BlackElo "2200"]

1. g3 Nf6 2. Bg2 c5 3. c4 e6 4. Nf3 Be7 5. O-O O-O 6. b3 Qc7 7. d4 cxd4
8. Nxd4 a6 9. Bb2 Nc6 10. Nc3 d6 11. Rc1 Nxd4 12. Qxd4 Rb8 13. Rfd1 Rd8
14. Ne4 Ne8 15. Qe3 Qa5 16. Bd4 b5 17. Ba7 Rb7 18. Nc3 b4 19. Bxb7 Bxb7
20. Bb6 Qh5 21. Bxd8 Qh3 22. Nd5 Bxd8 23. Qa7 Bc6 24. Qxa6 1-0

[Event "Aarhus Festuge [m2]"]
[Site "Aarhus"]
[Date "1985.??.??"]
[Round "2"]
[White "Safarnia, M"]
[Black "Holst, Per"]
[Result "0-1"]
[WhiteElo "2200"]
[BlackElo "2200"]

1. Nf3 e6 2. g3 c5 3. Bg2 Nc6 4. d3 g6 5. O-O Bg7 6. e4 Nge7 7. Re1 d5
8. Nbd2 b6 9. Qe2 Qc7 10. c3 h6 11. Nf1 Bb7 12. Bf4 Qd7 13. h4 d4 14.
cxd4 cxd4 15. Bh3 g5 16. Bd2 Ng6 17. hxg5 hxg5 18. Nxg5 Bf6 19. Bg2
Nce5 20. Bf4 Nxf4 21. gxf4 Ng6 22. Nh3 e5 23. f5 Nh4 24. Ng3 O-O-O 25.
Rac1+ Kb8 26. Rc2 Rdg8 27. Rec1 Bd8 28. Bf1 Rh6 29. Kh2 Rgh8 30. Qg4
Ng6 31. Ne2 Rh4 32. Qg1 Ne7 33. Qg7 Qd6 34. f4 f6 35. Qg3 exf4 36. Qf3
Nc6 37. Rxc6 Bxc6 38. Kg1 Bc7 39. Kf2 Be8 40. Neg1 Bh5 41. Qg2 f3 42.
Nxf3 Bxf3 0-1

[Event "Aarhus Festuge [m2]"]
[Site "Aarhus"]
[Date "1985.??.??"]
[Round "2"]
[White "Jensen, Vagn"]
[Black "Sorensen, Torben N"]
[Result "1-0"]
[WhiteElo "2210"]
[BlackElo "2200"]

1. d4 Nf6 2. Nc3 g6 3. e4 d6 4. Nf3 Bg7 5. Bg5 O-O 6. Qd2 c6 7. O-O-O
b5 8. Bd3 Qc7 9. Bh6 e5 10. Bxg7 Kxg7 11. dxe5 dxe5 12. h4 Bg4 13. h5
Nxh5 14. Nh4 Bxd1 15. Nxd1 Nf4 16. g3 Nxd3+ 17. cxd3 Qd6 18. Ne3 Kf6
19. Nef5 Qc5+ 20. Kb1 Rg8 21. Rc1 Qf8 22. d4 gxf5 23. Nxf5 exd4 24.
Qxd4+ Ke6 25. Rc5 1-0

[Event "Aarhus Festuge [m2]"]
[Site "Aarhus"]
[Date "1985.??.??"]
[Round "2"]
[White "Rewitz, Poul"]
[Black "Andreasen, Per Naesby"]
[Result "1-0"]
[WhiteElo "2200"]
[BlackElo "2260"]

1. d4 d5 2. c3 Nf6 3. Bg5 Nbd7 4. e3 c5 5. Bd3 Qb6 6. Qc2 e5 7. Bxf6
Qxf6 8. dxe5 Nxe5 9. Bb5+ Nc6 10. Nf3 Be7 11. O-O O-O 12. Nbd2 Ne5 13.
Nxe5 Qxe5 14. Rfe1 Bd6 15. g3 Bf5 16. Bd3 Bxd3 17. Qxd3 Rfd8 18. Rad1
Bf8 19. Nf3 Qe8 20. Qf5 g6 21. Qf4 Qe4 22. Qxe4 dxe4 23. Ng5 f5 24. Ne6
Rd3 25. Rxd3 exd3 26. c4 b5 27. b3 bxc4 28. bxc4 Re8 29. Nxf8 Kxf8 30.
Rd1 Re4 31. Rxd3 Rxc4 32. Ra3 Rc1+ 33. Kg2 c4 34. Rxa7 h6 35. h4 c3
36. Rc7 h5 37. a3 c2 38. Kf3 Ra1 39. Rxc2 Rxa3 40. Kf4 Ra6 41. Kg5 1-0

[Event "Aarhus Festuge [m2]"]
[Site "Aarhus"]
[Date "1985.??.??"]
[Round "3"]
[White "Christensen, Jan Schleicher"]
[Black "Rewitz, Poul"]
[Result "1-0"]
[WhiteElo "2200"]
[BlackElo "2200"]

1. e4 e6 2. Nf3 d5 3. e5 c5 4. b4 cxb4 5. a3 Qa5 6. Be2 Bd7 7. O-O Bb5
8. Bxb5+ Qxb5 9. axb4 Bxb4 10. c3 Be7 11. Na3 Qd7 12. d4 h5 13. Qd3 Nh6
14. Nb5 Nc6 15. Bg5 Nf5 16. h3 h4 17. Na3 f6 18. Bf4 fxe5 19. Bxe5 O-O
20. Nc2 Bd6 21. Rae1 a5 22. Ne3 Nxe5 23. dxe5 Be7 24. Nxf5 Rxf5 25. Re4
Qc7 26. Rg4 Rc8 27. Nd4 Rxe5 28. Qg6 Bf8 29. Nf3 Qxc3 30. Rxh4 Re2 31.
Ng5 1-0

[Event "Aarhus Festuge [m2]"]
[Site "Aarhus"]
[Date "1985.??.??"]
[Round "3"]
[White "Andreasen, Per Naesby"]
[Black "Jensen, Vagn"]
[Result "1/2-1/2"]
[WhiteElo "2260"]
[BlackElo "2210"]

1. d4 f5 2. g3 Nf6 3. Bg2 g6 4. b3 Bg7 5. Bb2 O-O 6. Nf3 d6 7. O-O c6
8. Nbd2 Qc7 9. a4 Na6 10. Nc4 Bd7 11. Ne1 Qd8 12. Nd3 Qe8 13. Nd2 Nc7
14. a5 g5 15. e3 Qg6 16. Qe2 Ne4 17. f4 Nxd2 18. Qxd2 Ne8 19. a6 b6
20. d5 c5 21. Bxg7 Qxg7 22. fxg5 Qxg5 23. Nf4 1/2-1/2

[Event "Aarhus Festuge [m2]"]
[Site "Aarhus"]
[Date "1985.??.??"]
[Round "3"]
[White "Holst, Per"]
[Black "Sorensen, Bent"]
[Result "0-1"]
[WhiteElo "2200"]
[BlackElo "2290"]

1. Nf3 Nf6 2. g3 d5 3. c4 dxc4 4. Qa4+ Nbd7 5. Bg2 a6 6. Qxc4 b5 7. Qc2
Bb7 8. O-O e6 9. b3 Rc8 10. a4 c5 11. axb5 axb5 12. d3 Be7 13. Bd2 O-O
14. Nc3 Qb6 15. Ra2 Nb8 16. Rfa1 Nc6 17. Qd1 Rfd8 18. Ng5 h6 19. Nge4
Nd7 20. Bf4 Nf8 21. Be3 f5 22. Nd2 Bf6 23. Rc1 Nb4 24. Bxb7 Nxa2 25.
Nxa2 Qxb7 26. Bxc5 Nd7 27. b4 Ra8 28. Qc2 Ra3 29. Nb1 Ra6 30. d4 h5
31. Nac3 h4 32. d5 exd5 33. Qxf5 Nxc5 34. bxc5 b4 0-1

[Event "Aarhus Festuge [m2]"]
[Site "Aarhus"]
[Date "1985.??.??"]
[Round "3"]
[White "Sorensen, Torben N"]
[Black "Safarnia, M"]
[Result "1/2-1/2"]
[WhiteElo "2200"]
[BlackElo "2200"]

1. e4 g6 2. d4 Bg7 3. Nf3 d6 4. h3 c6 5. a4 Nf6 6. Bd3 e5 7. c3 O-O 8.
O-O Qc7 9. Nbd2 Nbd7 10. dxe5 dxe5 11. a5 Nc5 12. Bc2 Rd8 13. Qe2 Nh5
14. Qe3 Ne6 15. g3 Bf8 16. Kh2 Bc5 17. Qe2 f6 18. Nc4 Kh8 19. b4 Bf8
20. Be3 Neg7 21. Rfd1 Rxd1 22. Rxd1 Be6 23. Nfd2 f5 24. exf5 gxf5 25.
Bh6 e4 26. f4 exf3 27. Qxf3 Bd5 28. Qf2 Ne6 29. Bxf8 Rxf8 30. Bd3 f4
31. g4 f3+ 32. Kg1 Nhf4 33. Bf1 Ne2+ 34. Kh1 Ng3+ 35. Kg1 Ne2+ 36. Kh1
Ng3+ 37. Kg1 Ne2+ 1/2-1/2

[Event "Aarhus Festuge [m2]"]
[Site "Aarhus"]
[Date "1985.??.??"]
[Round "4"]
[White "Jensen, Vagn"]
[Black "Christensen, Jan Schleicher"]
[Result "0-1"]
[WhiteElo "2210"]
[BlackElo "2200"]

1. e4 e5 2. Nf3 Nc6 3. Bb5 f5 4. d3 fxe4 5. dxe4 Nf6 6. O-O Bc5 7. Nc3
d6 8. Nd5 O-O 9. Bg5 Kh8 10. c3 Ne7 11. Bc4 Nexd5 12. Bxd5 Qe8 13. Bxf6
Rxf6 14. Ne1 Qg6 15. Qd3 c6 16. Bb3 Bg4 17. h3 Bh5 18. Kh2 Bxf2 19. Bd1
Bxd1 20. Rxd1 Raf8 21. Nc2 Rf3 0-1

[Event "Aarhus Festuge [m2]"]
[Site "Aarhus"]
[Date "1985.??.??"]
[Round "4"]
[White "Rewitz, Poul"]
[Black "Holst, Per"]
[Result "1-0"]
[WhiteElo "2200"]
[BlackElo "2200"]

1. e4 e6 2. d4 d5 3. Nc3 Bb4 4. Bd3 dxe4 5. Bxe4 Nf6 6. Bf3 O-O 7. Nge2
Nbd7 8. O-O e5 9. Bg5 Be7 10. Qd2 c6 11. Rad1 Re8 12. Ng3 exd4 13. Qxd4
Qa5 14. Nge4 Nxe4 15. Bxe7 Nxc3 16. Bb4 Ne5 17. Bxc3 Nxf3+ 18. gxf3
Qg5+ 19. Kh1 f6 20. Rg1 Qf5 21. Qxf6 Qxf6 22. Bxf6 g6 23. h4 Kf7 24.
Bg5 h5 25. Rd3 Bf5 26. Rb3 b6 27. Re3 Rac8 28. Rd1 Rc7 29. Rd6 Rxe3
30. fxe3 Bxc2 31. Bf4 Rc8 32. Rd7+ Ke6 33. Rxa7 b5 34. Bg5 Rf8 35. Kg2
Kd5 36. Rd7+ Ke6 37. Re7+ Kd5 38. Rg7 Kc4 39. Rc7 Bd1 40. Rxc6+ Kd5
41. Rf6 Rxf6 42. Bxf6 Bc2 43. b3 b4 44. Be7 Bb1 45. a4 bxa3 46. Bxa3
Bc2 47. e4+ Kd4 48. b4 Kc4 49. Kg3 Ba4 50. Kf4 Kb3 51. Bc1 Kxb4 52. Kg5
Be8 53. Kf6 Kc5 54. Bb2 Bb5 55. Kxg6 Be2 56. f4 Bd3 57. Kf5 Kd6 58.
Ba3+ Kd7 59. Ke5 Ke8 60. f5 Kf7 61. Kf4 1-0

[Event "Aarhus Festuge [m2]"]
[Site "Aarhus"]
[Date "1985.??.??"]
[Round "4"]
[White "Safarnia, M"]
[Black "Sorensen, Bent"]
[Result "0-1"]
[WhiteElo "2200"]
[BlackElo "2290"]

1. e4 e6 2. d3 d5 3. Nd2 Nf6 4. Ngf3 Nc6 5. g3 dxe4 6. dxe4 e5 7. Bg2
Bc5 8. O-O O-O 9. Qe2 a5 10. Nc4 Qe7 11. c3 a4 12. Nh4 Bg4 13. Qc2 Qe6
14. Ne3 Bxe3 15. Bxe3 Qc4 16. f3 Be6 17. Rf2 Qb5 18. Bf1 Bc4 19. Nf5
Bxf1 20. Raxf1 Qc4 21. Qc1 Ne8 22. Rd1 f6 23. Rd7 Rf7 24. Rfd2 Nd4 25.
R7xd4 exd4 26. Nxd4 Nd6 27. b3 axb3 28. axb3 Qa6 29. Kg2 Re8 30. Ne2 f5
31. Nf4 fxe4 32. fxe4 Nxe4 33. Rd4 g5 34. Ra4 Qf6 35. Bd4 Qf5 36. Nh3
Nd2 37. Ng1 Qe4+ 38. Kh3 g4+ 39. Kh4 Nf3+ 40. Nxf3 gxf3+ 41. Kh3 Qe6+
42. g4 f2 43. Qf1 Rf3+ 44. Kg2 Qxg4+ 45. Kh1 Re1 0-1

[Event "Aarhus Festuge [m2]"]
[Site "Aarhus"]
[Date "1985.??.??"]
[Round "4"]
[White "Sorensen, Torben N"]
[Black "Andreasen, Per Naesby"]
[Result "1/2-1/2"]
[WhiteElo "2200"]
[BlackElo "2260"]

1. Nf3 Nf6 2. g3 b6 3. Bg2 Bb7 4. O-O e6 5. d3 d5 6. Nbd2 Be7 7. b3 O-O
8. Bb2 c5 9. Re1 a5 10. a4 Nc6 11. e4 1/2-1/2

[Event "Aarhus Festuge [m2]"]
[Site "Aarhus"]
[Date "1985.??.??"]
[Round "5"]
[White "Andreasen, Per Naesby"]
[Black "Safarnia, M"]
[Result "1-0"]
[WhiteElo "2260"]
[BlackElo "2200"]

1. c4 Nf6 2. Nc3 e5 3. Nf3 Nc6 4. e3 d5 5. cxd5 Nxd5 6. Bb5 Nxc3 7.
bxc3 Bd6 8. d4 exd4 9. cxd4 O-O 10. O-O Bg4 11. Be2 Qf6 12. Nd2 Bxe2
13. Qxe2 Rfe8 14. Qb5 a6 15. Qb3 b5 16. Ba3 b4 17. Bb2 Qh6 18. g3 a5
19. Rac1 a4 20. Qc2 Nd8 21. e4 Ne6 22. Rfe1 b3 23. axb3 axb3 24. Nxb3
Ng5 25. Re3 Nh3+ 26. Kg2 Re6 27. e5 Rg6 28. exd6 Nf4+ 29. Kh1 Qh3 30.
Qe4 Rf8 31. dxc7 Rh6 32. Kg1 Qxh2+ 33. Kf1 Nh3 34. Qg2 Qxg2+ 35. Kxg2
Rc8 36. Re8+ Rxe8 1-0

[Event "Aarhus Festuge [m2]"]
[Site "Aarhus"]
[Date "1985.??.??"]
[Round "5"]
[White "Christensen, Jan Schleicher"]
[Black "Sorensen, Torben N"]
[Result "0-1"]
[WhiteElo "2200"]
[BlackElo "2200"]

1. e4 c5 2. Nf3 d6 3. d4 cxd4 4. Nxd4 Nf6 5. Nc3 a6 6. Bg5 e6 7. f4 b5
8. e5 dxe5 9. fxe5 Qc7 10. exf6 Qe5+ 11. Be2 Qxg5 12. Qd3 Qxf6 13. Rd1
Ra7 14. Rf1 Qe5 15. Nf3 Qc7 16. Ng5 f5 17. Rxf5 exf5 18. Nd5 Qe5 19.
Nf3 Qd6 20. Qe3+ Re7 21. Nxe7 Qxe7 22. Qb6 Nd7 23. Qc6 Qc5 24. Qe6+ Be7
25. Rd5 Nf6 26. Rxc5 Bxe6 27. Rc6 Bd7 28. Rxa6 O-O 29. Ne5 Be8 30. Rb6
Nd5 31. Re6 Bf6 0-1

[Event "Aarhus Festuge [m2]"]
[Site "Aarhus"]
[Date "1985.??.??"]
[Round "5"]
[White "Holst, Per"]
[Black "Jensen, Vagn"]
[Result "1/2-1/2"]
[WhiteElo "2200"]
[BlackElo "2210"]

1. Nf3 Nc6 2. c4 e5 3. Nc3 f5 4. d4 e4 5. Ng5 Nf6 6. g3 Bb4 7. Bg2 O-O
8. O-O h6 9. Nh3 Bxc3 10. bxc3 d6 11. Nf4 Qe8 12. f3 Ne7 13. Qb3
1/2-1/2

[Event "Aarhus Festuge [m2]"]
[Site "Aarhus"]
[Date "1985.??.??"]
[Round "5"]
[White "Sorensen, Bent"]
[Black "Rewitz, Poul"]
[Result "1-0"]
[WhiteElo "2290"]
[BlackElo "2200"]

1. g3 e5 2. c4 Nc6 3. Nc3 g6 4. Bg2 Bg7 5. e3 Nge7 6. Nge2 O-O 7. O-O
a6 8. b3 Rb8 9. d4 exd4 10. exd4 Nf5 11. d5 Ncd4 12. Nxd4 Bxd4 13. Qd3
c5 14. Bf4 d6 15. Rae1 b5 16. Ne4 bxc4 17. bxc4 Rb2 18. g4 Nh4 19. Bg5
Nxg2 20. Bxd8 Nxe1 21. Rxe1 Rxd8 22. Re2 Bxg4 23. Rxb2 Bxb2 24. Qd2 Rb8
25. Nxc5 Bg7 26. Nb3 Re8 27. Kg2 Re2 28. Qf4 Bf5 29. Qxd6 Be5 30. Qd8+
Kg7 31. Nc5 Bd4 32. Nd7 h5 33. Qf8+ Kh7 34. Qxf7+ Kh6 35. Qf8+ Kg5 36.
Qd8+ Kf4 37. Qc7+ Kg5 38. h4+ Kh6 39. Qf4+ Kh7 40. Qxd4 1-0

[Event "Aarhus Festuge [m2]"]
[Site "Aarhus"]
[Date "1985.??.??"]
[Round "6"]
[White "Andreasen, Per Naesby"]
[Black "Christensen, Jan Schleicher"]
[Result "1/2-1/2"]
[WhiteElo "2260"]
[BlackElo "2200"]

1. c4 c5 2. Nc3 Nf6 3. Nf3 e6 4. e3 b6 5. Be2 Bb7 6. O-O d6 7. d4 cxd4
8. exd4 Be7 9. d5 e5 10. a3 O-O 11. b4 Nbd7 12. Ne1 a6 13. Be3 Rc8 14.
Qb3 Qc7 15. Rc1 Qb8 16. Rd1 1/2-1/2

[Event "Aarhus Festuge [m2]"]
[Site "Aarhus"]
[Date "1985.??.??"]
[Round "6"]
[White "Safarnia, M"]
[Black "Rewitz, Poul"]
[Result "0-1"]
[WhiteElo "2200"]
[BlackElo "2200"]

1. e4 g6 2. d4 Bg7 3. c4 d6 4. Nc3 Nc6 5. Be3 e5 6. Nge2 exd4 7. Nxd4
Nge7 8. Qd2 O-O 9. O-O-O f5 10. f3 f4 11. Nxc6 fxe3 12. Nxe7+ Qxe7 13.
Qxe3 Qe5 14. Rd5 Qf6 15. Be2 Be6 16. Rd2 Qf7 17. b3 Qf6 18. Rc2 a5 19.
Rd1 Qh4 20. Qg1 Qg5+ 21. Kb1 a4 22. b4 a3 23. g3 Qf6 24. Kc1 Qf7 25.
Qf1 Kh8 26. f4 b5 27. Nxb5 Ra4 28. Qe1 Rb8 29. Qd2 Kg8 30. Qe3 Bb2+
31. Kd2 Rxb5 32. cxb5 Rxb4 33. Qa7 c5 34. Qxf7+ Kxf7 35. Ke3 Bxa2 36.
Rxd6 Bd4+ 37. Kf3 Bb3 38. Rc1 a2 39. Ra6 c4 40. b6 c3 41. Bd3 Rxb6 42.
Ra7+ Ke6 43. Ra3 Kd6 44. Bc2 Bc4 45. Rd1 Kc5 46. Ra5+ Rb5 47. Ra8 Rb2
48. Rc8+ Kb5 49. Ba4+ Kxa4 50. Rxc4+ Rb4 51. Rcxd4 Rxd4 52. Rxd4+ Kb3
53. Rd1 c2 54. Rf1 Kb2 55. Ke3 a1=Q 0-1

[Event "Aarhus Festuge [m2]"]
[Site "Aarhus"]
[Date "1985.??.??"]
[Round "7"]
[White "Christensen, Jan Schleicher"]
[Black "Safarnia, M"]
[Result "1-0"]
[WhiteElo "2200"]
[BlackElo "2200"]

1. e4 c5 2. Nf3 d6 3. d4 cxd4 4. Nxd4 Nf6 5. Nc3 Nc6 6. Bg5 e6 7. Qd2
Be7 8. O-O-O a6 9. Nb3 b5 10. f4 b4 11. Bxf6 gxf6 12. Ne2 Bd7 13. Ned4
Qb6 14. Bc4 Rc8 15. Qe2 a5 16. f5 e5 17. Nxc6 Qxc6 18. Bd5 Qb6 19. Qh5
Rf8 20. Rd3 Bc6 21. Kb1 Bxd5 22. Rxd5 a4 23. Nd2 Qc6 24. Qd1 Rg8 25. g3
Rc7 26. b3 Kd7 27. Nc4 axb3 28. cxb3 Qa6 29. Qd3 Ra8 30. Ra5 Qxa5 31.
Nxa5 Rxa5 32. Rd1 Rac5 33. Qd2 Rc3 34. Qd5 Ke8 35. Qd2 Bf8 36. g4 h6
37. h4 Rg3 38. Qxb4 Rxg4 39. Qb8+ Kd7 40. Qxf8 1-0

[Event "Aarhus Festuge [m2]"]
[Site "Aarhus"]
[Date "1985.??.??"]
[Round "7"]
[White "Rewitz, Poul"]
[Black "Jensen, Vagn"]
[Result "1-0"]
[WhiteElo "2200"]
[BlackElo "2210"]

1. e4 c5 2. b4 cxb4 3. a3 d5 4. exd5 Qxd5 5. Bb2 e6 6. axb4 Nf6 7. Nc3
Qd8 8. b5 Bd6 9. Nf3 O-O 10. Ra4 Nbd7 11. Qa1 e5 12. Ne4 Nxe4 13. Rxe4
Nc5 14. Re3 f6 15. Bc4+ Kh8 16. O-O e4 17. Nd4 Bf4 18. Ra3 Be5 19. f4
exf3 20. Nxf3 Bxb2 21. Qxb2 Bg4 22. c3 Re8 23. d4 Ne4 24. Bd3 Qd6 25.
b6 Bxf3 26. gxf3 Ng5 27. Rxa7 Qf4 28. Rxa8 Rxa8 29. Qe2 Qd6 30. Re1 g6
31. Kg2 Qc6 32. Bc4 Rc8 33. h4 Nxf3 34. Qxf3 Qxf3+ 35. Kxf3 Rxc4 36.
Re7 Rxc3+ 37. Ke4 Rb3 38. Rxb7 h5 39. d5 Rb4+ 40. Kd3 Rb5 41. Kc4 Rb1
42. d6 Rc1+ 43. Kd5 1-0

[Event "Aarhus Festuge [m2]"]
[Site "Aarhus"]
[Date "1985.??.??"]
[Round "7"]
[White "Sorensen, Bent"]
[Black "Sorensen, Torben N"]
[Result "1/2-1/2"]
[WhiteElo "2290"]
[BlackElo "2200"]

1. g3 g6 2. Bg2 Bg7 3. c4 c5 4. Nc3 Nc6 5. Nf3 Nf6 6. O-O O-O 7. a3 d5
8. cxd5 Nxd5 9. Nxd5 Qxd5 10. d3 Qd6 11. Rb1 Be6 12. Ng5 Ba2 13. Ne4
Qd8 14. Ra1 Bd5 15. Rb1 Ba2 16. Ra1 Bd5 17. Rb1 Nd4 18. Be3 Nb3 19. Nc3
Bxg2 20. Kxg2 Nd4 21. Bxd4 cxd4 22. Ne4 Qd5 23. Kg1 Bh6 24. f4 Rac8
25. Rc1 f5 26. Nd2 e5 27. a4 exf4 28. gxf4 a6 29. Rxc8 Rxc8 30. Nc4 Rc6
31. a5 g5 32. fxg5 Bxg5 33. Rf3 Rg6 34. Rg3 Kh8 35. Qf1 Be3+ 36. Nxe3
dxe3 37. Rxg6 hxg6 38. Qh3+ Kg8 39. Qxe3 Qxa5 40. Qe8+ Kg7 1/2-1/2